[Event "Wch Juvenil 2013 sub-18"]
[Site "Al-Ain UAE"]
[Date "2013.12.23"]
[Round "7.43"]
[White "Menezes, Christoph"]
[Black "Pon, Matt"]
[Result "0-1"]
[WhiteElo "2260"]
[BlackElo "2006"]
[PlyCount "57"]
[EventDate "2013.12.19"]
[EventType "swiss"]
[EventRounds "11"]
[EventCountry "UAE"]
[Source "lmi"]
[SourceDate "2013.12.19"]

1. d4 Nf6 2. c4 e6 3. Nf3 Bb4+ 4. Nbd2 b6 5. a3 Bxd2+ 6. Qxd2 a5 7. b3 Bb7 8.
e3 Ne4 9. Qc2 O-O 10. Be2 d6 11. O-O f5 12. Bb2 Nd7 13. d5 exd5 14. Nd4 Qe7 15.
cxd5 Bxd5 16. f3 Nec5 17. Nxf5 Rxf5 18. Qxf5 Qxe3+ 19. Kh1 Bxb3 20. Rae1 Qh6
21. Qg4 Be6 22. Qd4 Qf6 23. Qd2 Qf7 24. f4 Bd5 25. f5 Ne4 26. Qf4 Nef6 27. Kg1
Re8 28. Bd3 Nc5 29. Bb5 0-1

[Event "Wch Juvenil 2013 sub-18"]
[Site "Al-Ain UAE"]
[Date "2013.12.23"]
[Round "7.44"]
[White "Ramos Libon, Jean Piere"]
[Black "Grandadam, Patrik"]
[Result "1/2-1/2"]
[WhiteElo "1947"]
[BlackElo "2243"]
[PlyCount "80"]
[EventDate "2013.12.19"]
[EventType "swiss"]
[EventRounds "11"]
[EventCountry "UAE"]
[Source "lmi"]
[SourceDate "2013.12.19"]

1. d4 Nf6 2. Nf3 e6 3. Bg5 d5 4. e3 Nbd7 5. Bd3 c5 6. c3 Qc7 7. Nbd2 b6 8. Qe2
Bb7 9. e4 dxe4 10. Nxe4 Be7 11. h4 h6 12. Bxf6 Bxf6 13. Nxf6+ Nxf6 14. Bb5+ Ke7
15. dxc5 Qxc5 16. Nd4 Bxg2 17. Rg1 Be4 18. f3 Bd5 19. Rxg7 Rag8 20. Rxg8 Rxg8
21. O-O-O Bb7 22. Re1 Bc8 23. Qd2 Bd7 24. Bxd7 Nxd7 25. Qxh6 Rg6 26. Qf4 Rg2
27. Nf5+ Kf8 28. Nd4 Kg8 29. Qe3 Nf6 30. Rg1 Rxg1+ 31. Qxg1+ Kf8 32. Qg5 Qxg5+
33. hxg5 Nh7 34. g6 Ng5 35. gxf7 Kxf7 36. Kd1 a6 37. Ke2 e5 38. Nc2 Ke6 39. c4
Kd6 40. b4 Ne6 1/2-1/2

[Event "Wch Juvenil 2013 sub-18"]
[Site "Al-Ain UAE"]
[Date "2013.12.23"]
[Round "7.46"]
[White "Du Toit, Stefan"]
[Black "Kisic, Bozidar"]
[Result "1-0"]
[WhiteElo "1822"]
[BlackElo "2130"]
[PlyCount "78"]
[EventDate "2013.12.19"]
[EventType "swiss"]
[EventRounds "11"]
[EventCountry "UAE"]
[Source "lmi"]
[SourceDate "2013.12.19"]

1. c4 e5 2. Nc3 f5 3. Nf3 Nc6 4. d3 Nf6 5. Bg5 Bb4 6. a3 Bxc3+ 7. bxc3 h6 8.
Bc1 O-O 9. e3 e4 10. Nd4 Nxd4 11. cxd4 d5 12. a4 Be6 13. Ba3 Re8 14. Qc2 c6 15.
Rb1 Qa5+ 16. Bb4 Qc7 17. dxe4 fxe4 18. cxd5 Nxd5 19. Bd2 Qf7 20. Be2 Qg6 21.
Rxb7 Qxg2 22. Rf1 a5 23. Qxc6 Rac8 24. Qd6 Qg6 25. h4 Red8 26. Qh2 Qf6 27. Rg1
Bf7 28. Rg4 Qc6 29. Rb5 Bh5 30. Rxg7+ Kxg7 31. Bxh5 Nf6 32. Qg3+ Kh8 33. Qf4
Nd7 34. Bg4 Rg8 35. d5 Qg6 36. Bxd7 Rcf8 37. Bc3+ Kh7 38. Qh2 h5 39. Be6 Rg7
1-0

[Event "Wch Juvenil 2013 sub-18"]
[Site "Al-Ain UAE"]
[Date "2013.12.23"]
[Round "7.49"]
[White "Lkhagvasuren, Tsedvee"]
[Black "Murad, Abdulla"]
[Result "1-0"]
[WhiteElo "2292"]
[BlackElo "1738"]
[PlyCount "61"]
[EventDate "2013.12.19"]
[EventType "swiss"]
[EventRounds "11"]
[EventCountry "UAE"]
[Source "lmi"]
[SourceDate "2013.12.19"]

1. c4 e6 2. e4 d5 3. cxd5 exd5 4. e5 c6 5. d4 Ne7 6. Bd3 Nf5 7. Ne2 Be7 8. O-O
Be6 9. Nbc3 O-O 10. f4 c5 11. Bxf5 Bxf5 12. Ng3 Bc8 13. dxc5 Bxc5+ 14. Kh1 d4
15. Nce4 b6 16. f5 Ba6 17. Re1 Re8 18. Bg5 Qc8 19. Rc1 Bb7 20. b4 Rxe5 21. bxc5
Bxe4 22. Rxe4 Rxe4 23. Nxe4 Qxf5 24. cxb6 axb6 25. Qc2 g6 26. Qc8+ Qxc8 27.
Rxc8+ Kg7 28. Bf6+ Kh6 29. Bxd4 Ra4 30. Be3+ Kg7 31. Nc3 1-0

[Event "Wch Juvenil 2013 sub-18"]
[Site "Al-Ain UAE"]
[Date "2013.12.23"]
[Round "7.52"]
[White "Marwizi, Tanaka"]
[Black "Abdulla, Abdulwahab"]
[Result "0-1"]
[BlackElo "1838"]
[PlyCount "66"]
[EventDate "2013.12.19"]
[EventType "swiss"]
[EventRounds "11"]
[EventCountry "UAE"]
[Source "lmi"]
[SourceDate "2013.12.19"]
[WhiteElo "2264"]

1. d4 Nf6 2. c4 d6 3. Nc3 Bf5 4. f3 h6 5. e4 Bh7 6. Bd3 e5 7. Nge2 c6 8. Be3
Nbd7 9. a3 a5 10. O-O Be7 11. Qd2 O-O 12. d5 Re8 13. b4 Nh5 14. dxc6 bxc6 15.
b5 cxb5 16. cxb5 Nb6 17. Nd5 Nxd5 18. exd5 Bg5 19. Bxh7+ Kxh7 20. Qd3+ g6 21.
f4 exf4 22. Nxf4 Qe7 23. Bd2 Bxf4 24. Bxf4 f5 25. Bd2 Qa7+ 26. Kh1 Re4 27. Rfe1
Rae8 28. Rxe4 Rxe4 29. Re1 Nf4 30. Qb3 Qf2 31. Rg1 Qxd2 32. h3 Re1 33. b6 Qxg2#
0-1

[Event "Wch Juvenil 2013 sub-18"]
[Site "Al-Ain UAE"]
[Date "2013.12.23"]
[Round "7.56"]
[White "Thing, Bibek"]
[Black "Jacobsen, Fredrik Beer"]
[Result "0-1"]
[WhiteElo "1902"]
[BlackElo "1966"]
[PlyCount "41"]
[EventDate "2013.12.19"]
[EventType "swiss"]
[EventRounds "11"]
[EventCountry "UAE"]
[Source "lmi"]
[SourceDate "2013.12.19"]

1. e4 c5 2. d4 cxd4 3. c3 dxc3 4. Nxc3 Nc6 5. Nf3 d6 6. Bc4 a6 7. O-O Nf6 8.
Qe2 Bg4 9. Bg5 e6 10. Qe3 Bxf3 11. Qxf3 Be7 12. Rfd1 O-O 13. Kh1 b5 14. Be2 Ng4
15. Qxg4 Bxg5 16. f4 Be7 17. Bf3 e5 18. Nd5 exf4 19. Qxf4 Bg5 20. Qg3 Ne5 21.
Rf1 0-1

[Event "Wch Juvenil 2013 sub-18"]
[Site "Al-Ain UAE"]
[Date "2013.12.23"]
[Round "7.58"]
[White "Choi, Hangsuk"]
[Black "Thorpe, Thomas"]
[Result "0-1"]
[WhiteElo "1348"]
[BlackElo "1897"]
[PlyCount "48"]
[EventDate "2013.12.19"]
[EventType "swiss"]
[EventRounds "11"]
[EventCountry "UAE"]
[Source "lmi"]
[SourceDate "2013.12.19"]

1. d4 Nf6 2. c4 g6 3. Nf3 Bg7 4. e3 O-O 5. Bd3 d6 6. h3 Nbd7 7. O-O e5 8. dxe5
dxe5 9. e4 Re8 10. Nc3 c6 11. Rb1 Nc5 12. Bc2 Qc7 13. b4 Ne6 14. b5 Nh5 15. Re1
Rd8 16. Qe2 Nhf4 17. Bxf4 Nxf4 18. Qf1 Be6 19. Ng5 Qa5 20. Bb3 Rd2 21. Rec1
cxb5 22. Nxe6 Nxe6 23. Qe1 Bh6 24. cxb5 Nd4 0-1

[Event "Wch Juvenil 2013 sub-18"]
[Site "Al-Ain UAE"]
[Date "2013.12.23"]
[Round "8.1"]
[White "Idani, Pouya"]
[Black "Anton Guijarro, David"]
[Result "1-0"]
[WhiteElo "2483"]
[BlackElo "2558"]
[PlyCount "135"]
[EventDate "2013.12.19"]
[EventType "swiss"]
[EventRounds "11"]
[EventCountry "UAE"]
[Source "lmi"]
[SourceDate "2013.12.19"]

1. e4 c5 2. Nf3 Nc6 3. d4 cxd4 4. Nxd4 e5 5. Nb5 d6 6. N1c3 a6 7. Na3 b5 8. Nd5
Nf6 9. c4 Nxd5 10. exd5 Nd4 11. cxb5 Qh4 12. bxa6 Be7 13. Be3 O-O 14. Bxd4 exd4
15. Bd3 Bg4 16. Be2 Bxe2 17. Qxe2 d3 18. Qxd3 Qb4+ 19. Kf1 Bf6 20. Rb1 Qa5 21.
g3 Qxa6 22. Nc4 Rfc8 23. b3 Qxa2 24. Kg2 Qa6 25. Rhd1 Rab8 26. Qd2 Rb5 27. Qf4
Rd8 28. b4 Qa8 29. Qf3 Qa2 30. Na5 Re8 31. Nc6 h6 32. Rb3 Qc2 33. Qd3 Re2 34.
Qxc2 Rxc2 35. Ra3 Rb2 36. Rdd3 Kh7 37. Ra7 Kg6 38. Rd7 Be5 39. Rf3 f5 40. Re3
Kf6 41. Nxe5 dxe5 42. Rd6+ Ke7 43. Re6+ Kf7 44. R6xe5 R2xb4 45. Re7+ Kg8 46. d6
Rd5 47. R3e6 Kh7 48. Rf7 Re4 49. Rxf5 Rxf5 50. Rxe4 Rd5 51. Re6 Kg8 52. Kf3 Kf7
53. Re7+ Kf6 54. Rd7 h5 55. Rd8 g6 56. h4 Rd4 57. Ke3 Rd1 58. f3 Kf7 59. Ke4
Kf6 60. g4 hxg4 61. fxg4 Rd2 62. g5+ Ke6 63. d7 Ra2 64. h5 Ra4+ 65. Ke3 Ra3+
66. Kd2 Ra2+ 67. Kc3 Ke7 68. hxg6 1-0

[Event "Wch Juvenil 2013 sub-18"]
[Site "Al-Ain UAE"]
[Date "2013.12.23"]
[Round "8.3"]
[White "Chigaev, Maksim"]
[Black "Naroditsky, Daniel"]
[Result "1/2-1/2"]
[WhiteElo "2508"]
[BlackElo "2531"]
[PlyCount "28"]
[EventDate "2013.12.19"]
[EventType "swiss"]
[EventRounds "11"]
[EventCountry "UAE"]
[Source "lmi"]
[SourceDate "2013.12.19"]

1. e4 c5 2. Nf3 d6 3. d4 cxd4 4. Nxd4 a6 5. Be3 e5 6. Nb3 Be6 7. h3 Nf6 8. Nc3
Nbd7 9. g4 Rc8 10. Qd2 b5 11. O-O-O Be7 12. f4 exf4 13. Bxf4 Ne5 14. Kb1 Qc7
1/2-1/2

[Event "Wch Juvenil 2013 sub-18"]
[Site "Al-Ain UAE"]
[Date "2013.12.23"]
[Round "8.4"]
[White "Eliseev, Urii"]
[Black "Makhmutov, Rail"]
[Result "1/2-1/2"]
[WhiteElo "2552"]
[BlackElo "2396"]
[PlyCount "58"]
[EventDate "2013.12.19"]
[EventType "swiss"]
[EventRounds "11"]
[EventCountry "UAE"]
[Source "lmi"]
[SourceDate "2013.12.19"]

1. e4 e6 2. d4 d5 3. Nc3 Nf6 4. e5 Nfd7 5. f4 c5 6. Nf3 Nc6 7. Be3 Be7 8. Qd2
O-O 9. Be2 b6 10. O-O f5 11. exf6 Nxf6 12. Bb5 Bb7 13. Kh1 Bd6 14. Rad1 Ne7 15.
Bd3 a6 16. Ne5 Qc7 17. Qe1 Rae8 18. Bg1 Nc6 19. Nxc6 Qxc6 20. Qh4 c4 21. Be2 b5
22. a3 a5 23. Ra1 b4 24. axb4 axb4 25. Nd1 Ra8 26. Ne3 Rxa1 27. Rxa1 Ne4 28.
Rf1 Bc8 29. g3 Bd7 1/2-1/2

[Event "Wch Juvenil 2013 sub-18"]
[Site "Al-Ain UAE"]
[Date "2013.12.23"]
[Round "8.5"]
[White "Kriebel, Tadeas"]
[Black "Gabuzyan, Hovhannes"]
[Result "0-1"]
[WhiteElo "2363"]
[BlackElo "2532"]
[PlyCount "102"]
[EventDate "2013.12.19"]
[EventType "swiss"]
[EventRounds "11"]
[EventCountry "UAE"]
[Source "lmi"]
[SourceDate "2013.12.19"]

1. e4 c5 2. Nf3 d6 3. d4 cxd4 4. Nxd4 Nf6 5. Nc3 a6 6. Bc4 e6 7. Bb3 b5 8. O-O
Be7 9. Qf3 Qb6 10. Be3 Qb7 11. Qg3 O-O 12. Bh6 Ne8 13. Rfe1 Bf6 14. Be3 Bd7 15.
Rad1 Nc6 16. f3 Rc8 17. Nxc6 Bxc6 18. Bg5 a5 19. Bxf6 Nxf6 20. a4 bxa4 21. Nxa4
d5 22. Nc5 Qb5 23. Qf2 dxe4 24. Ba4 Qxb2 25. Rb1 Qa3 26. Bxc6 e3 27. Qxe3 Qxe3+
28. Rxe3 Rxc6 29. Nb3 a4 30. Nd4 Rc4 31. Rd3 Nd5 32. Nb5 Rxc2 33. Ra3 Ra8 34.
Rba1 g6 35. Rxa4 Rxa4 36. Rxa4 Ne3 37. Re4 Rxg2+ 38. Kh1 Rb2 39. Rxe3 Rxb5 40.
Kg2 g5 41. Ra3 Kg7 42. Kg3 Rb4 43. Ra5 Kg6 44. Re5 h5 45. h3 Rd4 46. Re2 Kf5
47. Ra2 e5 48. Rb2 h4+ 49. Kg2 Kf4 50. Ra2 f5 51. Rb2 Ke3 0-1

[Event "Wch Juvenil 2013 sub-18"]
[Site "Al-Ain UAE"]
[Date "2013.12.23"]
[Round "8.6"]
[White "Dragun, Kamil"]
[Black "Abasov, Nijat"]
[Result "0-1"]
[WhiteElo "2530"]
[BlackElo "2510"]
[PlyCount "76"]
[EventDate "2013.12.19"]
[EventType "swiss"]
[EventRounds "11"]
[EventCountry "UAE"]
[Source "lmi"]
[SourceDate "2013.12.19"]

1. d4 Nf6 2. c4 e6 3. Nf3 b6 4. g3 Bb7 5. Bg2 c5 6. d5 exd5 7. cxd5 Bxd5 8. Nc3
Bb7 9. e4 Nc6 10. O-O d6 11. Bf4 Be7 12. Nh4 O-O 13. Nf5 Ne5 14. Nb5 Ba6 15. a4
Re8 16. Qb3 Bxb5 17. axb5 Bf8 18. Rfd1 c4 19. Qc2 Nd3 20. b3 Nxf4 21. gxf4 cxb3
22. Qd3 g6 23. Nd4 Nh5 24. Ne2 Qh4 25. Qxb3 Nxf4 26. Nxf4 Qxf4 27. Rd3 Bg7 28.
Rf3 Qxf3 29. Bxf3 Bxa1 30. Qa4 Be5 31. Bd1 Rec8 32. Bb3 Rc7 33. Bd5 Rf8 34. Bc6
Kg7 35. Kg2 f5 36. f3 fxe4 37. Qxe4 Rf4 38. Qd5 Rd4 0-1

[Event "Wch Juvenil 2013 sub-18"]
[Site "Al-Ain UAE"]
[Date "2013.12.23"]
[Round "8.7"]
[White "Loiseau, Quentin"]
[Black "Drozdowski, Kacper"]
[Result "1/2-1/2"]
[WhiteElo "2388"]
[BlackElo "2463"]
[PlyCount "84"]
[EventDate "2013.12.19"]
[EventType "swiss"]
[EventRounds "11"]
[EventCountry "UAE"]
[Source "lmi"]
[SourceDate "2013.12.19"]

1. d4 d5 2. c4 e6 3. Nf3 c6 4. Bg5 Be7 5. Bxe7 Qxe7 6. e3 Nf6 7. Nc3 Nbd7 8.
Qc2 O-O 9. cxd5 exd5 10. Bd3 Re8 11. O-O Ne4 12. b4 Ndf6 13. b5 cxb5 14. Nxb5
Bg4 15. Ne5 Rec8 16. Qb2 Bd7 17. Rfc1 Bxb5 18. Bxb5 Nd6 19. Be2 Nd7 20. Nd3 Nb6
21. Bf3 g6 22. Nf4 Ne4 23. h3 Nf6 24. Qb3 Qd6 25. a4 g5 26. Nd3 h5 27. Ne5 Rab8
28. Rxc8+ Nxc8 29. Rc1 Ne7 30. Rc5 Kg7 31. Qc2 Qd8 32. Qd1 h4 33. Bh5 Ne4 34.
Nxf7 Qb6 35. Qg4 Qf6 36. Rc2 Rc8 37. Rxc8 Qxf2+ 38. Kh2 Nxc8 39. Qxc8 Qg3+ 40.
Kg1 Qxe3+ 41. Kh2 Qg3+ 42. Kg1 Qe1+ 1/2-1/2

[Event "Wch Juvenil 2013 sub-18"]
[Site "Al-Ain UAE"]
[Date "2013.12.23"]
[Round "8.9"]
[White "Grigoryan, Karen H"]
[Black "Martinez Romero, Martin"]
[Result "0-1"]
[WhiteElo "2604"]
[BlackElo "2381"]
[PlyCount "68"]
[EventDate "2013.12.19"]
[EventType "swiss"]
[EventRounds "11"]
[EventCountry "UAE"]
[Source "lmi"]
[SourceDate "2013.12.19"]

1. d4 Nf6 2. c4 g6 3. Nc3 Bg7 4. e4 d6 5. Be2 O-O 6. Bg5 c5 7. d5 b5 8. cxb5
Qa5 9. Qd2 a6 10. f3 Nbd7 11. Nh3 c4 12. bxa6 Bxa6 13. O-O Rfb8 14. Nf2 Rb7 15.
Rfc1 Rab8 16. Rab1 Nc5 17. Qc2 Nfd7 18. Be3 Bxc3 19. Qxc3 Qxc3 20. Rxc3 Rxb2
21. Re1 Rxa2 22. Bxc4 Bxc4 23. Rxc4 Rbb2 24. Rc3 f6 25. Rf1 Kf7 26. g4 Ne5 27.
Bf4 g5 28. Bg3 Re2 29. h4 gxh4 30. Bxh4 Ncd3 31. Kg2 Re3 32. Rc8 Rxf3 33. Rh8
Kg7 34. Re8 Nf4+ 0-1

[Event "Wch Juvenil 2013 sub-18"]
[Site "Al-Ain UAE"]
[Date "2013.12.23"]
[Round "8.10"]
[White "Lugovskoy, Maxim"]
[Black "Andersen, Mads"]
[Result "1/2-1/2"]
[WhiteElo "2392"]
[BlackElo "2501"]
[PlyCount "131"]
[EventDate "2013.12.19"]
[EventType "swiss"]
[EventRounds "11"]
[EventCountry "UAE"]
[Source "lmi"]
[SourceDate "2013.12.19"]

1. e4 e5 2. Nf3 Nc6 3. Nc3 Nf6 4. d4 exd4 5. Nxd4 Bb4 6. Nxc6 bxc6 7. Bd3 d5 8.
exd5 cxd5 9. O-O O-O 10. h3 c6 11. Qf3 Rb8 12. Bf4 Bd6 13. b3 Rb7 14. Bxd6 Qxd6
15. Rfe1 Re7 16. Qg3 Qb4 17. Rxe7 Qxe7 18. Na4 Re8 19. c4 Nh5 20. Qf3 Qe5 21.
Rd1 Nf4 22. cxd5 cxd5 23. Bf1 d4 24. Nb2 Ne6 25. Bc4 Qa5 26. Nd3 Qxa2 27. Ne5
Rf8 28. Nc6 Qa3 29. Nxd4 Nxd4 30. Rxd4 Qc5 31. Qe3 Qb6 32. Qe5 Qg6 33. Rd3 Qf6
34. Qxf6 gxf6 35. Rd6 Kg7 36. Rc6 Be6 37. Ra6 Bxc4 38. bxc4 Rc8 39. Ra4 Rc7 40.
Kf1 Re7 41. f4 f5 42. Kf2 Re4 43. Kf3 h5 44. g4 hxg4+ 45. hxg4 Re7 46. gxf5 Kf6
47. Kg4 Rc7 48. Ra6+ Kg7 49. f6+ Kh6 50. Ra4 Kg6 51. f5+ Kxf6 52. Ra6+ Kg7 53.
Ra4 Kf6 54. Kf4 a5 55. Ke4 Rc5 56. Kd4 Rxf5 57. Ra1 Ke6 58. c5 Rf4+ 59. Ke3 Rc4
60. Rxa5 Kd5 61. c6+ Kd6 62. Ra7 f5 63. c7 Rxc7 64. Rxc7 Kxc7 65. Kf4 Kd6 66.
Kxf5 1/2-1/2

[Event "Wch Juvenil 2013 sub-18"]
[Site "Al-Ain UAE"]
[Date "2013.12.23"]
[Round "8.11"]
[White "Bajarani, Ulvi"]
[Black "Ebeling, Daniel"]
[Result "1-0"]
[WhiteElo "2500"]
[BlackElo "2374"]
[PlyCount "169"]
[EventDate "2013.12.19"]
[EventType "swiss"]
[EventRounds "11"]
[EventCountry "UAE"]
[Source "lmi"]
[SourceDate "2013.12.19"]

1. d4 d5 2. Nf3 Nf6 3. c4 c6 4. Qc2 e6 5. g3 dxc4 6. Qxc4 b5 7. Qd3 Bb7 8. Bg2
Nbd7 9. O-O a6 10. Ng5 Be7 11. Nc3 O-O 12. Bf4 h6 13. Nge4 Nxe4 14. Nxe4 c5 15.
dxc5 Nxc5 16. Qxd8 Rfxd8 17. Nxc5 Bxg2 18. Kxg2 Bxc5 19. Rac1 Bd4 20. Rc2 Rac8
21. Rfc1 Rxc2 22. Rxc2 Rd5 23. b4 e5 24. Bc1 Rd6 25. e3 Ba1 26. Kf3 f5 27. Ke2
Kf7 28. Rc7+ Kf6 29. f4 exf4 30. exf4 Re6+ 31. Kf3 Re7 32. Rc8 Re4 33. Bd2 Rd4
34. Rc6+ Kf7 35. Ke2 a5 36. Rc7+ Ke6 37. Rc6+ Kd7 38. Rc1 Re4+ 39. Kd1 Bd4 40.
bxa5 Bg1 41. Be1 Bxh2 42. Rc5 Re3 43. a6 Ra3 44. Rxf5 Bxg3 45. Bxg3 Rxa6 46.
Rxb5 Ke6 47. Rb2 Kf5 48. Bh2 Kg4 49. Kc1 h5 50. Rg2+ Kh3 51. Rf2 g6 52. Kb2 h4
53. Kc3 Ra8 54. Kb4 Rb8+ 55. Kc5 Rc8+ 56. Kd6 Ra8 57. Ke5 Ra6 58. Rd2 Ra5+ 59.
Kf6 Ra6+ 60. Kg7 Kg4 61. Kf7 Kh3 62. Re2 Kg4 63. Rf2 Kh3 64. a4 Rxa4 65. Kxg6
Ra6+ 66. Kg5 Ra2 67. Rf3+ Kg2 68. Kg4 Ra8 69. Rb3 Kxh2 70. Rb2+ Kg1 71. Kxh4
Rh8+ 72. Kg5 Rg8+ 73. Kh6 Rf8 74. Rb4 Kf2 75. Kg7 Rf5 76. Kg6 Ra5 77. f5 Ra1
78. f6 Rg1+ 79. Kh7 Rh1+ 80. Kg8 Rg1+ 81. Kf8 Ke3 82. f7 Kd3 83. Rb6 Kd4 84.
Ke7 Re1+ 85. Re6 1-0

[Event "Wch Juvenil 2013 sub-18"]
[Site "Al-Ain UAE"]
[Date "2013.12.23"]
[Round "8.12"]
[White "Grover, Sahaj"]
[Black "Johansson, Linus"]
[Result "1/2-1/2"]
[WhiteElo "2485"]
[BlackElo "2314"]
[PlyCount "88"]
[EventDate "2013.12.19"]
[EventType "swiss"]
[EventRounds "11"]
[EventCountry "UAE"]
[Source "lmi"]
[SourceDate "2013.12.19"]

1. e4 e6 2. d4 d5 3. e5 c5 4. c3 Qb6 5. Nf3 Nc6 6. a3 Nh6 7. b4 cxd4 8. cxd4
Nf5 9. Be3 f6 10. exf6 gxf6 11. Bd3 Nxe3 12. fxe3 Bh6 13. Qe2 O-O 14. Nc3 Qd8
15. O-O Bd7 16. e4 dxe4 17. Nxe4 Be8 18. Nc5 Nxd4 19. Qf2 e5 20. Qg3+ Bg6 21.
Nxd4 Qxd4+ 22. Kh1 Bf4 23. Qg4 f5 24. Qf3 Rae8 25. Rad1 Qc3 26. Qxb7 Bh5 27.
Rb1 Kh8 28. Qd7 Rd8 29. Qe7 e4 30. Bb5 Bd6 31. Qh4 Bxc5 32. bxc5 Bg6 33. Rfc1
Qe5 34. c6 f4 35. Ba6 f3 36. c7 fxg2+ 37. Kxg2 Rd2+ 38. Kg1 Bf5 39. c8=Q Bxc8
40. Rxc8 Qd4+ 41. Kh1 Rd1+ 42. Rxd1 Qxd1+ 43. Kg2 Qf3+ 44. Kg1 Qe3+ 1/2-1/2

[Event "Wch Juvenil 2013 sub-18"]
[Site "Al-Ain UAE"]
[Date "2013.12.23"]
[Round "8.13"]
[White "Lewtak, Damian"]
[Black "Bortnyk, Olexandr"]
[Result "1/2-1/2"]
[WhiteElo "2306"]
[BlackElo "2474"]
[PlyCount "120"]
[EventDate "2013.12.19"]
[EventType "swiss"]
[EventRounds "11"]
[EventCountry "UAE"]
[Source "lmi"]
[SourceDate "2013.12.19"]

1. b3 e5 2. Bb2 Nc6 3. e4 Nf6 4. Nc3 Bc5 5. h3 d5 6. exd5 Nxd5 7. Nxd5 Qxd5 8.
Qf3 Qd6 9. Bb5 Bd7 10. O-O-O O-O 11. Qg3 f6 12. d4 Bxd4 13. c3 Qc5 14. Bc4+ Kh8
15. cxd4 exd4 16. Qxc7 Bf5 17. Nf3 Rac8 18. Qf4 b5 19. Nxd4 Nxd4 20. Qxd4 Qc6
21. Qd5 bxc4 22. Qxc6 Rxc6 23. b4 c3 24. Ba1 Rb8 25. Rhe1 h6 26. Rd5 Bg6 27. a3
c2 28. Bd4 a5 29. Bc5 axb4 30. axb4 Kg8 31. Kd2 Ra8 32. f4 Re6 33. Rc1 Be4 34.
Rd4 Bxg2 35. Rxc2 Bxh3 36. b5 Bf1 37. b6 Rc8 38. Kd1 Rec6 39. b7 Rb8 40. Rd7
Ba6 41. Bd6 Rxc2 42. Kxc2 Rxb7 43. Rxb7 Bxb7 44. Kd3 g5 45. Ke3 Kf7 46. Kf2 Kg6
47. Kg3 Kf5 48. fxg5 hxg5 49. Ba3 Ke4 50. Bc1 Bc8 51. Bd2 Be6 52. Bc1 Bb3 53.
Bd2 Bd1 54. Bc1 Bh5 55. Bd2 Kd3 56. Bc1 Kc2 57. Be3 Kc3 58. Bc1 Kd3 59. Kh2 Be8
60. Kg3 Bd7 1/2-1/2

[Event "Wch Juvenil 2013 sub-18"]
[Site "Al-Ain UAE"]
[Date "2013.12.23"]
[Round "8.15"]
[White "Mejak, Severin"]
[Black "Laurusas, Tomas"]
[Result "1-0"]
[WhiteElo "2104"]
[BlackElo "2431"]
[PlyCount "20"]
[EventDate "2013.12.19"]
[EventType "swiss"]
[EventRounds "11"]
[EventCountry "UAE"]
[Source "lmi"]
[SourceDate "2013.12.19"]

1. d4 d5 2. c4 Nc6 3. Nf3 Bg4 4. Nc3 e6 5. cxd5 exd5 6. Bf4 Bxf3 7. gxf3 Bb4 8.
e3 Nge7 9. a3 Bxc3+ 10. bxc3 O-O 1-0

[Event "Wch Juvenil 2013 sub-18"]
[Site "Al-Ain UAE"]
[Date "2013.12.24"]
[Round "8.16"]
[White "Emiroglu, Cankut"]
[Black "Mons, Leon"]
[Result "1/2-1/2"]
[WhiteElo "2309"]
[BlackElo "2428"]
[PlyCount "72"]
[EventDate "2013.12.19"]
[EventType "swiss"]
[EventRounds "11"]
[EventCountry "UAE"]
[Source "lmi"]
[SourceDate "2013.12.19"]

1. e4 e5 2. Nf3 Nc6 3. Bb5 a6 4. Bxc6 dxc6 5. O-O f6 6. d4 exd4 7. Nxd4 c5 8.
Nb3 Qxd1 9. Rxd1 Bd6 10. Nc3 Ne7 11. Na5 Be5 12. Ne2 b6 13. Nc4 Be6 14. Nxe5
fxe5 15. Nc3 h6 16. f4 Nc6 17. f5 Bf7 18. Be3 Nd4 19. Rd2 O-O-O 20. Ne2 Rd7 21.
Ng3 Rhd8 22. Kf2 Nc6 23. Rxd7 Rxd7 24. c3 Rd6 25. Nf1 Na5 26. Nd2 Nc4 27. Nxc4
Bxc4 28. a3 Bb3 29. Re1 Kd7 30. Rc1 c4 31. Ke2 Ba4 32. g4 Bc6 33. Kf3 Ba4 34.
Rg1 Bd1+ 35. Kf2 Bc2 36. Kf3 Bd1+ 1/2-1/2

[Event "Wch Juvenil 2013 sub-18"]
[Site "Al-Ain UAE"]
[Date "2013.12.24"]
[Round "8.17"]
[White "Barbot, Pierre"]
[Black "Draskovic, Luka"]
[Result "0-1"]
[WhiteElo "2404"]
[BlackElo "2282"]
[PlyCount "45"]
[EventDate "2013.12.19"]
[EventType "swiss"]
[EventRounds "11"]
[EventCountry "UAE"]
[Source "lmi"]
[SourceDate "2013.12.19"]

1. d4 Nf6 2. Nf3 e6 3. e3 c5 4. Bd3 b6 5. O-O Bb7 6. c4 Be7 7. Nc3 Bxf3 8. Qxf3
Nc6 9. Qg3 cxd4 10. exd4 Nxd4 11. Be3 Nc6 12. Qxg7 Rg8 13. Qh6 Ne5 14. Be2 Neg4
15. Bxg4 Rxg4 16. b3 Qc7 17. f3 Rg6 18. Nb5 Qc5 19. Qf4 e5 20. Bxc5 Bxc5+ 21.
Kh1 exf4 22. Nc7+ Kd8 23. Nxa8 0-1

[Event "Wch Juvenil 2013 sub-18"]
[Site "Al-Ain UAE"]
[Date "2013.12.24"]
[Round "8.19"]
[White "Olund, Joar"]
[Black "Ynojosa, Felix Jose"]
[Result "0-1"]
[WhiteElo "2236"]
[BlackElo "2448"]
[PlyCount "86"]
[EventDate "2013.12.19"]
[EventType "swiss"]
[EventRounds "11"]
[EventCountry "UAE"]
[Source "lmi"]
[SourceDate "2013.12.19"]

1. d4 Nf6 2. c4 e6 3. Nf3 b6 4. g3 Bb7 5. Bg2 c5 6. d5 exd5 7. Nh4 g6 8. Nc3
Bg7 9. O-O O-O 10. Bg5 Qe8 11. Bf4 Qe7 12. Nxd5 Nxd5 13. Bxd5 Bxd5 14. Qxd5 Nc6
15. Qd2 Rfe8 16. Rfe1 Qe6 17. Rac1 Rad8 18. Bc7 Rc8 19. Bf4 b5 20. b3 bxc4 21.
Rxc4 Nd4 22. e3 d5 23. Rcc1 Nb5 24. a4 Nd6 25. Rcd1 Ne4 26. Qxd5 Qf6 27. Qc4
Re6 28. Rd5 h6 29. f3 Nc3 30. Rxc5 Rxc5 31. Qxc5 g5 32. Ng2 gxf4 33. Nxf4 Re8
34. Kg2 Qd8 35. Kf1 Qd2 36. Qxa7 Nd1 37. Re2 Nxe3+ 38. Kf2 Ng4+ 39. fxg4 Bd4+
40. Qxd4 Qxd4+ 41. Kf3 Rxe2 42. Nxe2 Qd3+ 43. Kf2 Qxb3 0-1

[Event "Wch Juvenil 2013 sub-18"]
[Site "Al-Ain UAE"]
[Date "2013.12.24"]
[Round "8.22"]
[White "Starcevs, Dmitrijs"]
[Black "Sanzhaev, Darsen"]
[Result "0-1"]
[WhiteElo "2178"]
[BlackElo "2366"]
[PlyCount "90"]
[EventDate "2013.12.19"]
[EventType "swiss"]
[EventRounds "11"]
[EventCountry "UAE"]
[Source "lmi"]
[SourceDate "2013.12.19"]

1. e4 c5 2. Nf3 e6 3. d4 cxd4 4. Nxd4 a6 5. Nc3 Qc7 6. g3 Bb4 7. Bd2 Nf6 8. Qe2
Nc6 9. Nxc6 bxc6 10. e5 Nd5 11. Nxd5 Bxd2+ 12. Qxd2 cxd5 13. f4 Rb8 14. b3 Bb7
15. Bg2 d6 16. exd6 Qxd6 17. O-O O-O 18. Qd4 Rfc8 19. c3 a5 20. Rfd1 Qe7 21.
Rac1 Rc5 22. c4 Rbc8 23. Qe3 Qc7 24. Rb1 h6 25. cxd5 Bxd5 26. Bxd5 exd5 27. Rb2
Qc6 28. Re2 Qb5 29. Red2 Re8 30. Qf3 Re4 31. Qf1 Qe8 32. Qf2 Qc6 33. Rd4 f5 34.
R4d2 Kh7 35. Rd4 Qb5 36. R4d3 d4 37. R3d2 Rc3 38. Qf1 Qc5 39. Qf2 Rce3 40. Rc2
Qd5 41. Rf1 d3 42. Rd2 Re2 43. Rxe2 Rxe2 44. Qf3 Qxf3 45. Rxf3 d2 0-1

[Event "Wch Juvenil 2013 sub-18"]
[Site "Al-Ain UAE"]
[Date "2013.12.24"]
[Round "8.23"]
[White "Megalios, Konstantinos"]
[Black "Licznerski, Lukasz"]
[Result "1/2-1/2"]
[WhiteElo "2106"]
[BlackElo "2354"]
[PlyCount "102"]
[EventDate "2013.12.19"]
[EventType "swiss"]
[EventRounds "11"]
[EventCountry "UAE"]
[Source "lmi"]
[SourceDate "2013.12.19"]

1. d4 Nf6 2. c4 g6 3. Nc3 d5 4. Nf3 Bg7 5. Bg5 Ne4 6. Bf4 Nxc3 7. bxc3 c5 8. e3
O-O 9. cxd5 cxd4 10. cxd4 Qxd5 11. Be2 Nc6 12. O-O Bf5 13. Qa4 Qa5 14. Qb3 Be4
15. Rac1 Qb4 16. Rfd1 Qxb3 17. axb3 Rfc8 18. Nd2 Bd5 19. Bf3 Bxf3 20. Nxf3 Nb4
21. Kf1 e6 22. Bd6 Bf8 23. Bxf8 Kxf8 24. Ke2 Na2 25. Rxc8+ Rxc8 26. Kd2 Nc3 27.
Ra1 Ne4+ 28. Ke1 Rc3 29. Nd2 Nxd2 30. Kxd2 Rxb3 31. Kc2 Rb6 32. Rxa7 h5 33.
Ra8+ Ke7 34. Rb8 Rc6+ 35. Kb2 Rc7 36. g3 Kd6 37. e4 Kc6 38. Kb3 Kb5 39. h3 b6
40. Rf8 Rd7 41. Kc3 Ra7 42. Kb3 Rc7 43. f3 Rd7 44. Kc3 Ra7 45. Kb3 Rc7 46. h4
Kc6 47. g4 Rd7 48. Kc3 Ra7 49. Kb3 Rd7 50. gxh5 gxh5 51. Kc3 Ra7 1/2-1/2